00325nam a2200133Ia 4500008004100000100001300041245004300054250001200097260003700109300000900146650001400155942000700169999001500176190216s9999||||xx |||||||||||||| ||und|| aPowell.P 0aPrinciples Of Organometallic Chemistry a2nd Ed. b"Chapman And Hall, London"c1988 a414p aChemistry cBK c2625d2625